000 01611nam a22004217a 4500
003 CHAP
005 20220329143250.0
008 071120s2007 mx r 00010 spa d
010 _a94179
011 _a95151
035 _a105762
040 _cCHAP
090 _aTesis
100 1 _aDomínguez Alejandro, Ángel Mario.
_933764
245 1 0 _aCatálogo de plantas tintóreas de Teotitlán del Valle, Oaxaca
_c/por Ángel Mario Domínguez Alejandro
260 _aChapingo, Méx. :
_bEl autor,
_c2007.
300 _a117 h. :
_bilus. ; gráfs. ; cuadros. ; mapas
502 _aTesis (Ing. Agr. Esp. en Zonas Tropicales) -- UACH. Centro Regional Universitario Sur
530 _aTambién disponible en línea
590 _aALEPH
_b10
_c20130110
_lUCH01
_h1520
590 _aBATCH-UPD
_b10
_c20130110
_lUCH01
_h0601
590 _aBATCH-UPD
_b10
_c20130410
_lUCH01
_h0243
590 _aBATCH-UPD
_b10
_c20130914
_lUCH01
_h0414
590 _aBATCH-UPD
_b10
_c20140324
_lUCH01
_h1505
590 _aBATCH-UPD
_b10
_c20141002
_lUCH01
_h0835
590 _aCONVERSION
_b10
_c20130109
_lUCH01
_h1352
650 1 4 _aAgricultura sustentable
_zOaxaca.
_92024
650 1 4 _aArtes y oficios
_xOaxaca.
_97756
650 1 4 _aExtractos vegetales.
_939214
650 1 4 _aPigmentos vegetales.
_988057
650 1 4 _aPlantas tintóreas.
_989085
856 _3Finding aid
_uhttp://10.13.5.2/tesis/105762.pdf
_zTeclea aqui
901 _aBK
905 _aLuisgm
942 _cFOLL
949 _aTesis
_bBC
_cTES
_d33724002044009
_eTS2
_fc.2
_gDonaciØn
_h47337
_i105762
_sb
949 _aTesis
_bBC
_cTES
_d33724002044040
_eTS1
_gDonaciØn
_h47336
_i105762
_sb
999 _c94179
_d94179